Services de renseignement extérieurs - Statistiques

Statistiques générales
  • Ce quiz a été pris 71 fois
  • Le résultat moyen est 4 sur 54
Statistiques - réponses
Hint Réponse % Correct
France DGSE,SE
91%
USA CIA
79%
Israël Mossad
76%
Royaume-Uni SIS,MI6
70%
Allemagne BND
18%
Pakistan ISI
18%
Italie AISE
12%
Russie SVR
12%
Australie ASIS
9%
Turquie MIT
9%
Inde RAW
9%
Chine Guoanbu,MSS
6%
Espagne CNI
3%
Hongrie IH
3%
Bresil ABIN
0%
Pays-Bas AIVD
0%
Afghanistan Amaniyat,NDS
0%
République démocratique du Congo ANR
0%
Togo ANR
0%
Tchad ANSE
0%
Pologne AWP
0%
Serbie BIA
0%
Indonésie BIN
0%
République Tchèque BIS
0%
Ghana BNI
0%
Mexique CISEN
0%
Algérie CSS
0%
Maroc DGED
0%
Cameroun DGRE
0%
Cuba DI
0%
Grède EYP
0%
Jordane GID
0%
Arabie Saoudite GIP
0%
Soudan GIS
0%
Egypte GIS
0%
Estonie KAPO
0%
Azerbaïdjan MTN
0%
Nigeria NIA
0%
Taïwan NSB
0%
Nouvelle-Zélande NZSIS
0%
Corée du Nord RGB,MSE
0%
Afrique du Sud SASS
0%
Canada SCRS
0%
Venezuela SEBIN
0%
Belgique SGRS
0%
Émirats arabes unis SIA,NESA
0%
Roumanie SIE
0%
Portugal SIED
0%
Croatie SOA
0%
Suisse SRC
0%
Luxembourg SREL,SRE
0%
Finlande SUPO
0%
Vietnam TC2,TBQP
0%
Iran VAJA
0%
Aucun quiz correspondant
Distribution des résultats
% des personnes avec chaque résultat
Percentile par nombre de réponses
Votre historique - résultats
Vous n’avez pas pris ce quiz